Fundamentals of physics : (Record no. 1223)
[ view plain ]
| 000 -LEADER | |
|---|---|
| fixed length control field | 01150cam a22003015i 4500 |
| 003 - CONTROL NUMBER IDENTIFIER | |
| control field | EG-CaNGU |
| 005 - DATE AND TIME OF LATEST TRANSACTION | |
| control field | 20240129131813.0 |
| 008 - FIXED-LENGTH DATA ELEMENTS--GENERAL INFORMATION | |
| fixed length control field | 230220m20192020ctua fr 001 0 eng d |
| 020 ## - INTERNATIONAL STANDARD BOOK NUMBER | |
| International Standard Book Number | 9780300243772 |
| Qualifying information | (volume 1) |
| 020 ## - INTERNATIONAL STANDARD BOOK NUMBER | |
| International Standard Book Number | 9780300243789 |
| Qualifying information | (volume 2) |
| 040 ## - CATALOGING SOURCE | |
| Original cataloging agency | DLC |
| Language of cataloging | eng |
| Description conventions | rda |
| Transcribing agency | DLC |
| Modifying agency | EG-CaNGU |
| 082 04 - DEWEY DECIMAL CLASSIFICATION NUMBER | |
| Classification number | 530 |
| Item number | SHF |
| Edition number | 23 |
| 100 1# - MAIN ENTRY--PERSONAL NAME | |
| Personal name | Shankar, Ramamurti, |
| Relator term | author. |
| 9 (RLIN) | 3912 |
| 245 10 - TITLE STATEMENT | |
| Title | Fundamentals of physics : |
| 250 ## - EDITION STATEMENT | |
| Edition statement | Expanded edition. |
| 264 #1 - PRODUCTION, PUBLICATION, DISTRIBUTION, MANUFACTURE, AND COPYRIGHT NOTICE | |
| Place of production, publication, distribution, manufacture | New Haven, Connecticut : |
| Name of producer, publisher, distributor, manufacturer | Yale University Press, |
| Date of production, publication, distribution, manufacture, or copyright notice | 2019 - 2020. |
| 300 ## - PHYSICAL DESCRIPTION | |
| Extent | 2 volumes (various paging) : |
| Other physical details | illustrations ; |
| Dimensions | 24 cm. |
| 336 ## - CONTENT TYPE | |
| Content type term | text |
| Content type code | txt |
| Source | rdacontent |
| 337 ## - MEDIA TYPE | |
| Media type term | unmediated |
| Media type code | n |
| Source | rdamedia |
| 338 ## - CARRIER TYPE | |
| Carrier type term | volume |
| Carrier type code | nc |
| Source | rdacarrier |
| 490 0# - SERIES STATEMENT | |
| Series statement | The open Yale courses series |
| 500 ## - GENERAL NOTE | |
| General note | Includes index. |
| 505 00 - FORMATTED CONTENTS NOTE | |
| Formatted contents note | Fundamentals of physics i : mechanics, relativity, and thermodynamics. |
| 505 00 - FORMATTED CONTENTS NOTE | |
| Formatted contents note | Fundamentals of physics ii : electromagnetism, optics, and quantum mechanics. |
| 650 #7 - SUBJECT ADDED ENTRY--TOPICAL TERM | |
| Topical term or geographic name entry element | Physics. |
| Source of heading or term | NGU-sh |
| 9 (RLIN) | 3783 |
| Withdrawn status | Lost status | Source of classification or shelving scheme | Damaged status | Not for loan | Collection code | Home library | Current library | Date acquired | Source of acquisition | Cost, normal purchase price | Serial Enumeration / chronology | Full call number | Barcode | Date last seen | Price effective from | Koha item type | Total Renewals | Date last checked out |
|---|---|---|---|---|---|---|---|---|---|---|---|---|---|---|---|---|---|---|
| Dewey Decimal Classification | Engineering - CCAS | Library D | Library C | 10/18/2021 | Baccah | 395.00 | Volume 1 | 530 SHF | 1002703 | 08/13/2025 | 10/18/2021 | Book | 3 | 10/16/2023 | ||||
| Dewey Decimal Classification | Not For Loan | Engineering - CCAS | Library D | Library D | 10/18/2021 | Baccah | 395.00 | Volume 1 | 530 SHF | 1002702 | 08/13/2025 | 10/18/2021 | Book Non-borrowing | |||||
| Dewey Decimal Classification | Engineering - CCAS | Library D | Library D | 10/18/2021 | Baccah | 395.00 | Volume 1 | 530 SHF | 1002704 | 08/13/2025 | 10/18/2021 | Book | 10/27/2024 | |||||
| Dewey Decimal Classification | Engineering - CCAS | Library D | Library D | 10/18/2021 | Baccah | 395.00 | Volume 1 | 530 SHF | 1002705 | 08/13/2025 | 10/18/2021 | Book | 2 | 11/01/2022 | ||||
| Dewey Decimal Classification | Engineering - CCAS | Library D | Library D | 10/18/2021 | Baccah | 395.00 | Volume 1 | 530 SHF | 1002706 | 08/13/2025 | 10/18/2021 | Book | 1 | 11/01/2022 | ||||
| Dewey Decimal Classification | Not For Loan | Engineering - CCAS | Library D | Library D | 02/20/2023 | Dar Al Fajr | 737.00 | Volume 2 | 530 SHF | 1004010 | 08/13/2025 | 02/20/2023 | Book Non-borrowing | |||||
| Dewey Decimal Classification | Engineering | Library D | Library D | 02/20/2023 | Dar Al Fajr | 737.00 | Volume 2 | 530 SHF | 1004011 | 08/13/2025 | 02/20/2023 | Book | ||||||
| Dewey Decimal Classification | Engineering | Library D | Library D | 02/20/2023 | Dar Al Fajr | 737.00 | Volume 2 | 530 SHF | 1004012 | 08/13/2025 | 02/20/2023 | Book |